1001 1385 1252 1957 1985 1465 1787 1430 1701 1899 1223 1412 1400 1816 1192 1203 1741 1217 1735 1432 1857 1001 1069 1644 1497 1803 1669 1601 1225 1087 1950 1612 1879 1684 1002 1333 1013 1502 1766 1853 1688 1984 1872 1425 1000 1515 1803 1641 1956 1294 1440 1818 1962 1537 1465 1991 1045 1510 1558 1013 1447 1509 1655 1931 1474 1569 1853 1368 1706 1542 1294 1324 1506 1256 1769 1623 1799 1466 1281 1064 1622 1669 1020 1288 1941 1898 1362 1575 1055 1933 1100 1040 1687 1353 1904 1723 1050 2000 1427 BCNSPRNW ULIB Ver.6.0+V

เปลี่ยนเป็นภาษาไทย

Change to English
 แสดงรายละเอียดบรรณานุกรม
  กลับหน้าหลัก

Brief Record : Get Marc (ISO 2709) : E-mail record : QR code < ปิดหน้าต่าง
LEADER : 00000nam 2200000uu 4500
001    13399125258
003     ULIB
008    161201s2559||||th 000 0 tha d
060  0 ^aWA546 ป621ก
100 0  ^aผู้ช่วยรองศาสตราจารย์ ดร.ปิยะธิดา นาคะเกษียร
110 1  ^aสำนักงานสนับสนุนการพัฒนาระบบสุขภาพ^bสำนักงานกองทุนสนับสนุนการสร้างเสริมสุขภาพ
245 00 ^aชุดการเรียนรู้ที่ 3 การพัฒนาเครือข่ายการสร้างเสริมสุขภาพ =^bDevelopment of Health Promotion Networking/^cผู้ช่วยรองศาสตราจารย์ ดร.ปิยะธิดา นาคะเกษียร
250    ^aพิมพ์ครั้งที่ 1
260    ^aนนทบุรี:^bบริษัท มาตา การพิมพ์ จำกัด,^c2559
300    ^a62 หน้า:^bตาราง;^c29ซม.
650  0 ^aการเรียนรู้^bเสริมสุขภาพ
700 0  ^aการพยาบาล^bพัฒนาเครือข่าย
710 1  ^aสำนักสนับสนุนการพัฒนาระบบสุขภาพ^bสำนักงานกองทุนสนับสนุนการสร้างเสริมสุขภาพ
945    ^p0^l0^i001568
999    ^aวรรณษา ชูชัยมงคล
รายการนี้ยังไม่มีแท็ก
คุณยังไม่ได้ล็อกอิน คุณสามารถมีกิจกรรมร่วมกับเว็บไซต์ได้ แต่ต้องล็อกอินก่อน ::
  ล็อกอิน

รายการสื่อสารสนเทศ

ลำดับที่ ประเภท เลขเรียก/บาร์โค้ด สถานที่ สถานะ
1. Book การพยาบาล
Book การพยาบาล
สถานะ=หนังสือเก่า
WA546 ป621ก ฉ.1 
  Barcode: 001568
ห้องสมุดวิทยาเขตสวรรค์ประชารักษ์
►ส่วนจัดเก็บหนังสือเก่า สปร
บนชั้น
  ขอยืม

BibComment


ยังไม่เคยถูกคอมเมนท์

คอมเมนท์ทรัพยากรรายการนี้
  คอมเมนท์: ชุดการเรียนรู้ที..


 Copyright 2026. Bcnsprnw @Library